000
00295nam a22001337a 4500
008
170714b xxu||||| |||| 00| 0 eng d
020
_a
9780683307344
041
_a
eng
080
_2
6TH
_a
101
100
_a
24
101
_a
FJA
245
_a
RESPIRATORY PHYSIOLOGY
_c
WEST,J.B
942
_2
udc
_c
BK
999
_c
20727
_d
20727